000 00590nam a2200205Ia 4500
005 20250508161835.0
008 008 250505s9999 xx 000 0 eng d
037 _aTextual
040 _aFEDL
_beng
_cFEDL
041 _aeng
_2eng
084 _a001.642, MON
_qFEDL
100 _aMonsma James E
_9771647
245 0 _aExecutive's guide to computer concepts
260 _aNew York, USA
_bPitman Publishing
_c1969
300 _aix,168p.
650 _aComputer Science
700 _a Powell Kenneth F
_9771648
942 _cTEXL
_h001.642, MON
999 _c1372579
_d1372579